|
|
|
|
| LEADER |
02107nam a2200325 a 4500 |
| 001 |
15691853 |
| 008 |
100516r20102002nyu b 001 0 eng d |
| 010 |
|
|
|a 2009291305
|
| 020 |
|
|
|a 9780521004404 (hbk)
|
| 020 |
|
|
|a 9780521808293 (pbk)
|
| 040 |
|
|
|a DLC
|c DLC
|d DLC
|d BD-DhAAL
|
| 082 |
0 |
0 |
|a 418/.0071
|2 22
|
| 245 |
0 |
0 |
|a Methodology in language teaching :
|b an anthology of current practice /
|c edited by Jack C. Richards, Willy A. Renandya.
|
| 260 |
|
|
|a New York :
|b Cambridge University Press,
|c c2002.[13th printing 2010]
|
| 300 |
|
|
|a vii, 422 p. ;
|c 26 cm.
|
| 504 |
|
|
|a Includes bibliographical references and index.
|
| 541 |
1 |
|
|e 00020257
|
| 650 |
|
0 |
|a Language and languages
|x Study and teaching.
|
| 650 |
|
0 |
|a English language
|x Study and teaching
|x Foreign speakers.
|
| 700 |
1 |
|
|a Richards, Jack C.
|
| 700 |
1 |
|
|a Renandya, Willy A.
|
| 852 |
4 |
|
|a Ayesha Abed Library
|j General shelf
|
| 942 |
0 |
0 |
|0 4
|
| 999 |
|
|
|c 8597
|d 8597
|
| 952 |
|
|
|0 0
|1 0
|2 ddc
|4 0
|6 418_007100000000000_MET
|7 0
|9 10240
|a BRACUL
|b BRACUL
|c GEN
|d 2010-05-17
|l 9
|m 75
|o 418.0071 MET
|p 3010020257
|r 2024-06-29
|s 2024-06-01
|t 1
|w 2010-05-17
|y BK
|
| 952 |
|
|
|0 0
|1 0
|2 ddc
|4 0
|6 418_000000000000000__0071_MET
|7 0
|9 14708
|a BRACUL
|b BRACUL
|c GEN
|d 2011-03-16
|e Trust Line Int.
|g 790.00
|l 12
|m 79
|o 418.0071 MET
|p 3010022033
|r 2024-05-28
|s 2024-01-30
|t 2
|w 2011-03-16
|y BK
|
| 952 |
|
|
|0 0
|1 0
|2 ddc
|4 0
|6 418_000000000000000__0071_MET
|7 0
|9 14709
|a BRACUL
|b BRACUL
|c GEN
|d 2011-03-16
|e Trust Line Int.
|g 790.00
|l 8
|m 63
|o 418.0071 MET
|p 3010022034
|r 2019-08-06
|s 2019-06-13
|t 3
|w 2011-03-16
|y BK
|
| 952 |
|
|
|0 0
|1 0
|2 ddc
|4 0
|6 418_000000000000000__0071_MET
|7 0
|9 14711
|a BRACUL
|b BRACUL
|c GEN
|d 2011-03-16
|e Trust Line Int.
|g 790.00
|l 10
|m 22
|o 418.0071 MET
|p 3010022035
|r 2019-05-23
|s 2019-05-16
|t 4
|w 2011-03-16
|y BK
|
| 952 |
|
|
|0 0
|1 0
|2 ddc
|4 0
|6 418_000000000000000__0071_MET
|7 0
|9 14712
|a BRACUL
|b BRACUL
|c GEN
|d 2011-03-16
|e Trust Line Int.
|g 790.00
|l 7
|m 6
|o 418.0071 MET
|p 3010022036
|r 2019-05-26
|s 2019-05-23
|t 5
|w 2011-03-16
|y BK
|
| 952 |
|
|
|0 0
|1 0
|2 ddc
|4 0
|6 418_000000000000000__0071_MET
|7 0
|9 14713
|a BRACUL
|b BRACUL
|c GEN
|d 2011-03-16
|e Trust Line Int.
|g 790.00
|l 9
|m 42
|o 418.0071 MET
|p 3010022037
|r 2024-10-04
|s 2024-05-30
|t 6
|w 2011-03-16
|y BK
|